00964naa a22002537a 4500001001000000003000900010005001700019007000300036008003400039040005400073041000900127072001400136100002100150245005200171260003700223500013900260650000900399650001800408650001200426650001200438650000900450650001400459773023700473BR8302978BR-BrBNA20240918175301.0ta230509b bl.||||| |||| 00| 0 por d aBR-BrBNAbporcBiblioteca Nacional de Agricultura a(Pt) aQ10b92051 aRocha, J.L.V. da1 aUnidades armazenadoras de graos [armazem, silo]3 aSao Paulo, SP (Brasil): c1983.  aNeves Filho, L. de C. (ed.) Armazenamento de generos e produtos alimenticios Sao Paulo, SP (Brasil): 1983. p. 25-43 (BR8302978-AM)Q10  aGRAO aARMAZENAMENTO aARMAZEM aSACARIA aSILO aESTOCAGEM0 tArmazenamento de generos e produtos alimenticiosaNeves Filho, L. de C. (ed.). Secretaria da Industria, Comercio, Ciencia e Tecnologia do Estado de Sao Paulo, Sao Paulo (Brasil)wQ10 BR8302978gSao Paulo, SP (Brasil), 1983. p. 25-43